Flores secas: de nuestros campos y jardines
Uloženo v:
| Hlavní autor: | |
|---|---|
| Médium: | Kniha |
| Jazyk: | španělština |
| Vydáno: |
Madrid
Mundi-Prensa
1992
|
| Edice: | Agroguías Mundi-Prensa
|
| Témata: | |
| Tagy: |
Přidat tag
Žádné tagy, Buďte první, kdo vytvoří štítek k tomuto záznamu!
|
MARC
| LEADER | 00000nam a2200000 a 4500 | ||
|---|---|---|---|
| 001 | UCY3175 | ||
| 003 | CL-VaPUC | ||
| 008 | 941214e19920000SP |||||||||||||||||spa|d | ||
| 082 | 0 | 4 | |a 635.913 |b MIR |2 21 |
| 100 | |a Miralles de Imperial Hornado, Rosario |e autora |9 331398 | ||
| 245 | 1 | 0 | |a Flores secas: de nuestros campos y jardines |
| 300 | |a 156 p | ||
| 942 | |c BK | ||
| 945 | |d 19941214 00:00:00 |a mfernand | ||
| 260 | |a Madrid |b Mundi-Prensa |c 1992 | ||
| 650 | 7 | |a FLORES DESHIDRATACION |2 CL-VaPUC |9 331399 | |
| 650 | 0 | |a Arreglos florales |9 328947 | |
| 650 | 7 | |a FLORES DE JARDINES |2 CL-VaPUC |9 331401 | |
| 583 | |a last modification |c 20171117 10:17:19 |k Rodrigo Vera | ||
| 490 | 0 | |a Agroguías Mundi-Prensa | |
| 999 | |c 231387 |d 231385 | ||
| 952 | |0 0 |1 0 |4 0 |6 635_913000000000000_MIR_1992 |7 0 |8 A |9 234616 |a BIBAGR |b BIBAGR |d 2019-11-15 |i 3042189 |l 1 |o 635.913 MIR 1992 |p 3042189 |r 2025-01-20 |s 2024-06-19 |w 2019-11-15 |y BK |k AGR | ||